Normal view MARC view
  • Prospecting

Entry Topical Term

Number of records used in: 3

001 - CONTROL NUMBER

  • control field: 40393

003 - CONTROL NUMBER IDENTIFIER

  • control field: NUST

005 - DATE AND TIME OF LATEST TRANSACTION

  • control field: 20210314131744.0

008 - FIXED-LENGTH DATA ELEMENTS

  • fixed length control field: 210314|| aca||aabn | a|a d

040 ## - CATALOGING SOURCE

  • Original cataloging agency: NUST
  • Transcribing agency: NUST

150 ## - HEADING--TOPICAL TERM

  • Topical term or geographic name entry element: Prospecting
  • General subdivision: Geophysical methods

670 ## - SOURCE DATA FOUND

  • Source citation: Work cat.: (NUST): Hallenburg, James K. 40390, Standard methods of geophysical formation evaluation /, c1998.
© 2023 Central Library, National University of Sciences and Technology. All Rights Reserved.